Focus : coursebook one
Saved in:
| Main Author: | |
|---|---|
| Other Authors: | |
| Format: | Book |
| Language: | English |
| Published: |
London :
Hodder and Stoughton,
c1986.
|
| Subjects: | |
| Tags: |
Add Tag
No Tags, Be the first to tag this record!
|
MARC
| LEADER | 00000cam a2200000 i 4500 | ||
|---|---|---|---|
| 001 | 1/58386 | ||
| 008 | 020214s1986 enk| ||| |||| ||eng|| | ||
| 020 | |a 0340378751 | ||
| 035 | |l 10000322 | ||
| 040 | |a GR-MyUa |b gre |e AACR2 | ||
| 041 | 0 | |a eng | |
| 082 | 7 | |a 428.24 |2 (21) | |
| 100 | 1 | |a Arnold, John, |d 1950 December 5- | |
| 245 | 1 | 0 | |a Focus : |b coursebook one / |c John Arnold & Roger Scott. |
| 260 | |a London : |b Hodder and Stoughton, |c c1986. | ||
| 300 | |a 120 σ. : |b εικ. ; |c 25 εκ. | ||
| 650 | 0 | 0 | |a English language |v Textbooks for foreign speakers. |
| 700 | 1 | |a Scott, Roger, |d 1942- | |
| 852 | |a INST |b SYROS |e 20020214 |h 428.24 ARN |p 005500000586 |q 005500000586 |t BK |y 0 | ||
| 901 | |a BIBL5-2002-1 | ||
| 970 | |a Κοντού |b Παρασκευή |z 14/02/2002 | ||